000 00747nam a2200229 a 4500
001 000020867
005 20260414130834.0
008 100818s1977 mx 000 0 spa d
040 _aDO-SdBNP
_bspa
_cBNPHU
082 _a920
_bS944v, 1977
100 1 _aSuetonio Tranquilo, Gayo,
_d70-140
_943742
245 1 0 _aVidas de los doces césares /
_cSuetonio ; estudio preliminar y traducción revisada por José Luis Romero.
250 _a10a ed.
260 _aMéxico :
_bCumbre,
_c1977.
300 _axxxvi, 1-384, [1] p. ;
_c21 cm.
490 1 _aLos clásicos
650 0 _aBiografía
_94997
650 4 _aEmperadores romanos
_xBiografías
_941714
700 1 _aRomero, José Luis,
_etr.
_927893
830 0 _aLos clásicos
_943697
049 _aBNGR
999 _c20370
_d20370